000 00675nam a2200205 a 4500
005 20210223120448.0
008 991125s1936 ve 000 0 spa u
035 _aUPN01000001704
049 _aCG
050 4 _aHC462
_bA5.2
100 1 _aAlonzo Romero, Miguel,
_d1887-1964
_930695
245 1 0 _aAlgunos aspectos de la vida del Japón :
_bde seis años en el Asia /
_cM. Alonzo Romero.
260 _aCaracas, Ven. :
_bElite,
_c1936.
300 _a353 p.
500 _aDisponible en la Colección Medina
651 4 _aJAPON -
_xCONDICIONES ECONOMICAS
_926265
651 4 _aJAPON -
_xCONDICIONES SOCIALES
651 4 _aJAPON -
_xVIDA SOCIAL Y COSTUMBRES
_920914
905 _aLibro
999 _c1704
_d1704